000 00758nam a2200217Ia 4500
003 GCL
005 20240530105243.0
008 140319s9999 xx 000 0 ara d
040 _aGCL /
_cGCL
082 0 4 _a624.1
_bا م
100 1 _aابراهيم على عبيدو
245 1 0 _aمبادئ فى الهندسة المدنية : للاقسام الكهربية الميكانيكية والكهربائية /
_cابراهيم على عبيدو
260 _a[S.N] :
_bدار الراتب الجامعية ،
_c1987
300 _a216
650 0 4 _aالهندسة المدنية
650 0 4 _aالاساسات
650 0 4 _aالبناء
650 0 4 _aالتنظيم الانشائى
700 1 _aمحمد صادق العدوى
942 _2ddc
_cBK
999 _c54359
_d54359